Housing economics: applied approach (Record no. 412612)

000 -LEADER
fixed length control field 00465cam a22001697a 4500
008 - FIXED-LENGTH DATA ELEMENTS--GENERAL INFORMATION
fixed length control field 180718b1982 xxu||||| |||| 00| 0 eng d
020 ## - INTERNATIONAL STANDARD BOOK NUMBER
International Standard Book Number 0582443814
082 ## - DEWEY DECIMAL CLASSIFICATION NUMBER
Classification number XA4 M224
100 ## - MAIN ENTRY--PERSONAL NAME
Personal name Maclenan, Ducan
245 ## - TITLE STATEMENT
Title Housing economics: applied approach
Statement of responsibility, etc. by Ducan Maclenan
260 ## - PUBLICATION, DISTRIBUTION, ETC.
Place of publication, distribution, etc. London
Name of publisher, distributor, etc. Longman
Date of publication, distribution, etc. 1982
300 ## - PHYSICAL DESCRIPTION
Extent 300p
650 ## - SUBJECT ADDED ENTRY--TOPICAL TERM
Topical term or geographic name entry element Housing --Great Britain
650 ## - SUBJECT ADDED ENTRY--TOPICAL TERM
Topical term or geographic name entry element Housing policy --Great Britain
650 ## - SUBJECT ADDED ENTRY--TOPICAL TERM
Topical term or geographic name entry element Housing
650 ## - SUBJECT ADDED ENTRY--TOPICAL TERM
Topical term or geographic name entry element Housing policy
Holdings
Withdrawn status Lost status Damaged status Not for loan Permanent Location Current Location Date acquired Full call number Barcode Date last seen Price effective from Koha item type
        Indian Institute of Public Administration Indian Institute of Public Administration 2009-02-06 XA4 M224 DA5490 2018-07-21 2018-07-21 DA

Powered by Koha